Samskshipta tulu padakosha (Record no. 119062)
[ view plain ]
| 000 -LEADER | |
|---|---|
| fixed length control field | 00722nam a2200241Ia 4500 |
| 003 - CONTROL NUMBER IDENTIFIER | |
| control field | OSt |
| 005 - DATE AND TIME OF LATEST TRANSACTION | |
| control field | 20250806123244.0 |
| 008 - FIXED-LENGTH DATA ELEMENTS--GENERAL INFORMATION | |
| fixed length control field | 210210b2005 xxu||||| |||| 00| 0 eng d |
| 020 ## - INTERNATIONAL STANDARD BOOK NUMBER | |
| International Standard Book Number | 8186668535 |
| 040 ## - CATALOGING SOURCE | |
| Transcribing agency | AL |
| 041 ## - LANGUAGE CODE | |
| Language code of text/sound track or separate title | Kannada |
| 082 ## - DEWEY DECIMAL CLASSIFICATION NUMBER | |
| Classification number | T494.3 UPAS |
| 100 ## - MAIN ENTRY--PERSONAL NAME | |
| Personal name | UPADHYAYA (U P) Ed |
| Dates associated with a name | ಉಪಾಧ್ಯಾಯ (ಯು ಪಿ) |
| 9 (RLIN) | 234249 |
| 245 ## - TITLE STATEMENT | |
| Title | Samskshipta tulu padakosha |
| Remainder of title | ಸಂಕ್ಷಿಪ್ತ ತುಳು ಪದಕೋಶ |
| 260 ## - PUBLICATION, DISTRIBUTION, ETC. | |
| Place of publication, distribution, etc. | Udupi |
| Name of publisher, distributor, etc. | Rashtrakakvi Govinda Pai Samshodhana Kendra |
| Date of publication, distribution, etc. | 2005 |
| 300 ## - PHYSICAL DESCRIPTION | |
| Extent | vi,396 |
| 650 ## - SUBJECT ADDED ENTRY--TOPICAL TERM | |
| Topical term or geographic name entry element | tulu |
| 9 (RLIN) | 234250 |
| 650 ## - SUBJECT ADDED ENTRY--TOPICAL TERM | |
| Topical term or geographic name entry element | Samskshipta |
| 9 (RLIN) | 234251 |
| 650 ## - SUBJECT ADDED ENTRY--TOPICAL TERM | |
| Topical term or geographic name entry element | padakosha |
| 9 (RLIN) | 234252 |
| 690 ## - LOCAL SUBJECT ADDED ENTRY--TOPICAL TERM (OCLC, RLIN) | |
| Topical term or geographic name as entry element | Tulu Dictionary |
| 9 (RLIN) | 234253 |
| 906 ## - LOCAL DATA ELEMENT F, LDF (RLIN) | |
| a | 069348 |
| 942 ## - ADDED ENTRY ELEMENTS (KOHA) | |
| Source of classification or shelving scheme | Dewey Decimal Classification |
| Koha item type | Book |
| Withdrawn status | Lost status | Source of classification or shelving scheme | Damaged status | Not for loan | Collection code | Home library | Current library | Shelving location | Date acquired | Source of acquisition | Cost, normal purchase price | Total Checkouts | Full call number | Barcode | Date last seen | Price effective from | Koha item type |
|---|---|---|---|---|---|---|---|---|---|---|---|---|---|---|---|---|---|
| Dewey Decimal Classification | Tulu | St Aloysius Library | St Aloysius Library | Stack Section | 02/17/2021 | Navakarnataka Publication Pvt Ltd Mangalore | 100.00 | T494.3 UPAS | 069348 | 02/17/2021 | 02/17/2021 | Book |